Divagaciones histórico-artísticas (Record no. 10578)

MARC details
000 -LEADER
campo de control de longitud fija 00856nam a2200217 i 4500
001 - NÚMERO DE CONTROL
campo de control 10578
003 - IDENTIFICADOR DE NÚMERO DE CONTROL
campo de control ES-MaACL
005 - FECHA Y HORA DE LA ÚLTIMA TRANSACCIÓN
campo de control 20231118182544.0
008 - DATOS DE LONGITUD FIJA--INFORMACIÓN GENERAL
campo de control de longitud fija 151216s2013 sp ac |||| |dspa d
020 ## - NÚMERO INTERNACIONAL ESTÁNDAR DEL LIBRO
Número Internacional Estándar del Libro 978-84-616-2955-8
080 ## - NÚMERO DE LA CLASIFICACIÓN DECIMAL UNIVERSAL
Número de la Clasificación Decimal Universal 821.134.2-82"19"
100 1# - ENTRADA PRINCIPAL--NOMBRE DE PERSONA
Nombre de persona López Delgado, Juan Antonio.
9 (RLIN) 73607
245 10 - MENCIÓN DEL TÍTULO
Título Divagaciones histórico-artísticas
Resto del título : tercera parte de la "Miscelánea erudita" /
Mención de responsabilidad, etc. Juan Antonio López Delgado.
260 ## - PUBLICACIÓN, DISTRIBUCIÓN, ETC.
Lugar de publicación, distribución, etc. [Murcia] :
Nombre del editor, distribuidor, etc. J.A. López Delgado,
Fecha de publicación, distribución, etc. 2013 (
Fabricante Neocromo)
300 ## - DESCRIPCIÓN FÍSICA
Extensión 181 p. :
Otras características físicas il. col. ;
Dimensiones 25 cm.
504 ## - NOTA DE BIBLIOGRAFÍA, ETC.
Nota de bibliografía, etc. Bibliografía: p. 175-181.
852 ## - LOCALIZACIÓN
Ubicación ES-MaACL
Número de control de estantería A-13511
itemnumber 101868
Sublocalización o colección R.150841
Ubicación en estantería Depósito 1
Signatura antigua Olim: N-6511
Donativo/Legado Donación: Juan Antonio López Delgado
Anotaciones manuscritas Dedicatoria autógrafa del autor
903 ## - NOMBRE PERSONAL DE DONANTE
9 73607
a López Delgado, Juan Antonio
e Donante
942 ## - ELEMENTOS DE ENTRADA SECUNDARIOS (KOHA)
Fuente del sistema de clasificación o colocación Clasificación decimal universal
Tipo de ítem Koha Libro impreso
Holdings
Estatus retirado Estado de pérdida Fuente del sistema de clasificación o colocación Estado de daño No para préstamo Colección Biblioteca de origen Biblioteca actual Ubicación en estantería Fecha de adquisición Fuente de adquisición Total de préstamos Signatura topográfica completa Código de barras Visto por última vez Precio de reemplazo Tipo de ítem Koha Nota pública
    Clasificación decimal universal     Libros con dedicatorias Biblioteca del Ateneo de Madrid Biblioteca del Ateneo de Madrid Depósito 1 16/12/2015 Donación   A-13511 1194574 23/02/2023 23/02/2023 Libro impreso Dedicatoria autógrafa del autor